000 00441nam a2200181Ia 4500
001 16169
005 20260306170250.0
008 260306t2005||||xx |||||||||||||| ||und||
041 _aESP
082 _a347
_bT73
100 _aTorres Álvarez, Hernán
_eAUT
245 0 _aEl sistema de seguridad jurídica en el comercio electrónico
260 _c2005
300 _a
_c
650 _aGEN
654 _aCDE
942 _cLIB
_dJUS
_fJUS
_2ddc
_n
999 _c16169
_d16169